Kota-kota bersejarah : di Semenanjung Malaysia
| Corporate Author: | |
|---|---|
| Other Authors: | |
| Format: | Book |
| Published: |
Kuala Lumpur :
Jabatan Muzium ,
1981
|
| Series: | Siri panduan sejarah III
|
| Subjects: |
MARC
| LEADER | 00000cam a2200000 7i4500 | ||
|---|---|---|---|
| 001 | 0000129356 | ||
| 005 | 20090316.0 | ||
| 090 | 0 | 0 | |a 959.5 |b KOT |
| 245 | 0 | 0 | |a Kota-kota bersejarah : |b di Semenanjung Malaysia |c Disusun oleh, Raiha Mohd. Saud |
| 260 | |a Kuala Lumpur : |b Jabatan Muzium , |c 1981 | ||
| 300 | |a 66p. ; |c 23cm. | ||
| 490 | 0 | |a Siri panduan sejarah III | |
| 650 | 0 | 0 | |a Historic sites |z Malaysia |
| 651 | 0 | |a Malaysia |x History | |
| 700 | 0 | |a Raiha Mohd. Saud | |
| 710 | 1 | |a Jabatan Muzium | |
| 999 | |a 00222416 |b BUKU |c MALAYSIANA |e MUZIUM PETALING JAYA | ||